Текст томруулах:    
Khubilai Khan (Бичлэгийн дугаар. 144235)
000 -УДИРДЛАГА
Удирдлага 01548nam a2200397 4500
003 - ХЯНАЛТЫН ТОО ТОДОРХОЙЛОГЧ
Код MN-UlNUM
005 - БИЧИЛТ ХИЙСЭН ОГНОО
Тухайн бичилтийг бичсэн засварласан сүүлийн огноо 20251006141153.0
008 - ЕРӨНХИЙ МЭДЭЭЛЭЛ
Ерөнхий мэдээлэл 250917s2009 cauab||b |||| 00| | eng d
020 ## - ISBN
ISBN 9780520261327
040 ## - БИЧЛЭГ ҮҮСГЭГЧ БАЙГУУЛЛАГА
Бичлэг үүсгэгч номын сангийн код МУИС-ийн номын сан
084 ## - ББК АНГИЛАЛ
Нэмэлт тусгалт Нэг сэдэвт бүтээл
Мэдлэгийн ялгаа 63 - Түүх
ББК ангилал 63.3(1)
Зохиогчийн гурван тэмдэгт R 80
100 ## - ЗОХИОГЧ
Зохиогчийн нэр Rossabi, Morris
240 ## - Шифр - Номын наалт, тайланд хэрэглэх
Ангилалын дугаар /Зохиогчийн 3 тэмдэгт 63.3(1) R 80
245 ## - ҮНДСЭН ГАРЧИГ
Номын нэр Khubilai Khan
Бага гарчгийн мэдээ His life and times
260 ## - ГАРАЛТЫН МЭДЭЭ
Хэвлэгдсэн газар Berkeley
Хэвлэлийн газар University of California Press
Хэвлэгдсэн он 2009
300 ## - МАТЕРИАЛЫН ТОДОРХОЙЛОЛТ
хуудасны тоо 326
500 ## - Тайлбар
Дансны дугаар ГФ 20847
505 ## - Агуулгын тэмдэглэгээ
Агуулгын тэмдэглэгээ Living from 1215 to 1294, Khubilai Khan is one of history’s most renowned figures. Morris Rossabi draws on sources from a variety of East Asian, Middle Eastern, and European languages as he focuses on the life and times of the great Mongol monarch. This 20th anniversary edition is updated with a new preface examining how twenty years of scholarly and popular portraits of Khubilai have shaped our understanding of the man and his time.
546 ## - ХЭЛНИЙ ТУХАЙ МЭДЭЭ
Хэл Англи хэл дээр,
653 ## - Түлхүүр үг
Түлхүүр үг history
653 ## - Түлхүүр үг
Түлхүүр үг Khubilai Khan
653 ## - Түлхүүр үг
Түлхүүр үг Yuan Dynasty
653 ## - Түлхүүр үг
Түлхүүр үг Mongol Empire
740 ## - НОМЫН ГАРЧИГ
Гарчиг Mongols in Battle
740 ## - НОМЫН ГАРЧИГ
Гарчиг Chinggis Khan and His Four Sons
740 ## - НОМЫН ГАРЧИГ
Гарчиг Khubilai and Chabi on a Cookout
740 ## - НОМЫН ГАРЧИГ
Гарчиг Portrait of Khubilai Khan
740 ## - НОМЫН ГАРЧИГ
Гарчиг Portrait of Chabi
740 ## - НОМЫН ГАРЧИГ
Гарчиг Khubilai's Astronomical Observatory in Peking
740 ## - НОМЫН ГАРЧИГ
Гарчиг The Polo brother meeting Khubilai
740 ## - НОМЫН ГАРЧИГ
Гарчиг Portrait of Marco Polo
740 ## - НОМЫН ГАРЧИГ
Гарчиг Khubilai on a Hunt
740 ## - НОМЫН ГАРЧИГ
Гарчиг Mongol Invasion of Japan
942 ## - ЭЛЕМЕНТИЙН ТӨРӨЛ
Зүйлийн төрөл Ном